00382 2200157 4500001002100000005001500021035002000036245004800056100001900104300001100123260003400134082000800168084001400176020002200190990001200212INLIS00000000000163620250429074622 a0010-04250000521 aMeneladani 99 Sifat Allah /cTim Al Firdaus0 aTim Al Firdaus a56 hlm aSolo :bTiga Serangkai,c2007 a200 a200 TIM m a978-979-018-083-3 a0754700